Islamic Renaissance in South Asia 1707-1867 (Record no. 14465)
[ view plain ]
| 000 -LEADER | |
|---|---|
| fixed length control field | 00645nam a2200241 a 4500 |
| 020 ## - INTERNATIONAL STANDARD BOOK NUMBER | |
| ISBN | 9694085 |
| 082 00 - DEWEY DECIMAL CLASSIFICATION NUMBER | |
| Classification number | 297.09 |
| Author Cutter | GHA2 |
| 100 ## - MAIN ENTRY--AUTHOR NAME | |
| Author name | Ghazi, Mahmood Ahmad |
| 245 ## - TITLE STATEMENT | |
| Title | Islamic Renaissance in South Asia 1707-1867 |
| 260 ## - PUBLICATION, DISTRIBUTION, ETC. (IMPRINT) | |
| Place of publication | Islamabad |
| Name of publisher | International Islamic University |
| Year of publication | 2002 |
| 300 ## - PHYSICAL DESCRIPTION | |
| Number of Pages | 298p |
| 500 ## - GENERAL NOTE | |
| General note | includes index and biblioraphy |
| 505 2# - FORMATTED CONTENTS NOTE | |
| Formatted contents note | Bibliography, Index |
| 650 ## - SUBJECT ADDED ENTRY--TOPICAL TERM | |
| Topical Term | Islam-History |
| 942 ## - ADDED ENTRY ELEMENTS (KOHA) | |
| Koha item type | Books |
| 700 1# - | |
| -- | Ghazi, Mahmood Ahmad |
| Collection code | Home library | Current library | Date acquired | Cost, normal purchase price | Full call number | Accession Number | Koha item type |
|---|---|---|---|---|---|---|---|
| Henry Martyn Institute Library | Henry Martyn Institute Library | 07/23/2007 | 400.00 | 297.09 GHA2 | 021212 | Books |
